Matemáticas aplicadas: texto ajustado estrictamente a los programas vigentes y recomendado por las autoridades universitarias para las clases de matemáticas de enseñanza secundaria: cuarto año
Salvato in:
| Autore principale: | |
|---|---|
| Natura: | Libro |
| Lingua: | spagnolo |
| Pubblicazione: |
Montevideo
Barreiro y Ramos
1900
|
| Edizione: | 9a. ed |
| Soggetti: | |
| Tags: |
Aggiungi Tag
Nessun Tag, puoi essere il primo ad aggiungerne!!
|
MARC
| LEADER | 00000nam a2200000 a 4500 | ||
|---|---|---|---|
| 001 | UCX1386 | ||
| 003 | CL-VaPUC | ||
| 008 | 900817e19000000UY |||||||||||||||||spa|d | ||
| 082 | 0 | 4 | |a 510.7 |b COP |2 21 |
| 100 | 0 | |a Coppetti, Mario |e author |9 316878 | |
| 245 | 1 | 0 | |a Matemáticas aplicadas: texto ajustado estrictamente a los programas vigentes y recomendado por las autoridades universitarias para las clases de matemáticas de enseñanza secundaria: cuarto año |
| 250 | |a 9a. ed | ||
| 300 | |a 2 v | ||
| 942 | |c BK | ||
| 945 | |d 19900817 00:00:00 | ||
| 260 | |a Montevideo |b Barreiro y Ramos |c 1900 | ||
| 650 | 0 | |a Matemática |9 260235 | |
| 650 | 0 | |a Libros de texto |9 270019 | |
| 583 | |a last modification |c 19900817 00:00:00 |k Rodrigo Vera | ||
| 999 | |c 222636 |d 222634 | ||
| 952 | |0 0 |1 0 |4 0 |6 510_700000000000000_COP_1900 |7 0 |8 A |9 217673 |a BIBCUR |b BIBCUR |d 2019-11-15 |h v.2 |i 2865513 |o 510.7 COP 1900 |p 2865513 |r 2024-01-29 |w 2019-11-15 |y BK |k BCB | ||